000 00353 a2200145 4500
001 79087
082 _a330 MAN
090 _c39579
_d39579
100 _aMankiw, N
245 _aEconomics, Principles and Applications
_hEnglish
260 _aIndia
_bCengage Learning
_c2009
300 _a684p
500 _aDOS BS Reference Books
505 _aAHQ Books
942 _aCAE NUST
_k330 MAN
999 _c314160
_d314160